000 00929nmm a2200277 a 4500
001 ocm0001256821
003 TR-IsHL
005 20201028160452.0
008 150709s2014 tu tur
007 cr cn
020 _a9786055904814
035 _a1256821
_b(N$T)
050 0 4 _aPQ7298.12.E4
_bK34 2014
090 0 4 _aPQ7298.12.E4
_bK34 2014
100 1 _aBellatin, Mario
245 1 0 _aKahraman köpekler
_h[electronic resource] /
_cMario Bellatin ; İspanyolcadan çeviren Pınar Savaş
260 _aİstanbul :
_bNotos Kitap Yayınevi,
_c2014
300 _a69 p.
650 4 _aDil ve Edebiyat
650 4 _aLanguage and Literature
650 0 _aİspanyol romanı
650 0 _aSpanish fiction
650 7 _aLITERARY COLLECTIONS / European / Spanish & Portuguese
_2bisacsh
700 1 _aSavaş, Pınar
856 4 0 _uhttp://search.ebscohost.com/login.aspx?direct=true&scope=site&db=e011xww&AN=1256821
999 _c13619
_d13619